Účtovné a daňové odpisy nehmotného majetku podľa právnej úpravy v SR bakalárska práca

Gespeichert in:
Bibliographische Detailangaben
1. Verfasser: Zaťková, Mária
Körperschaft: Fakulta hospodárskej informatiky EU. Katedra účtovníctva a audítorstva
Weitere Verfasser: Benko, Ján
Format: Buch
Sprache:Slowakisch
Veröffentlicht: Bratislava 2018
Tags: Tag hinzufügen
Keine Tags, Fügen Sie das erste Tag hinzu!

MARC

LEADER 00000nbm a2200000 4500
001 0245374
005 20181106084854.9
041 0 |a slo 
044 |a SK 
245 1 0 |a Účtovné a daňové odpisy nehmotného majetku podľa právnej úpravy v SR  |b bakalárska práca  |c Mária Zaťková ; školiteľ: Ján Benko 
264 1 |a Bratislava  |c 2018 
300 |a 37 s. 
100 1 |a Zaťková, Mária 
700 1 |a Benko, Ján 
710 2 |a Fakulta hospodárskej informatiky EU. Katedra účtovníctva a audítorstva